000 00517nam a22001577a 4500
020 _a81-7133-818-6
082 _a592.42
_bKOT/V
100 _aKOTPAL, R.L
245 _aMODERN TEXT BOOK OF ZOOLOGY VERTEBRATES
_bANIMAL DIVERSITY - II
250 _aTHIRD EDITION
260 _aMEERUT
_bRASTOGI PUBLICATIONS
_c2005
300 _a864
520 _aFOR B.SC & B.SC (HON) CLASSES, WITH LONG ANSWER TYPE, SHORT ANSWER TYPE, VERY HORT ANSWER AND MULTIPLE CHOICE QUESTIONS
650 _aBIOLOGY REFERENCE
_zINDIA
942 _cBK
999 _c1397
_d1397